000 00484nam a2200205Ia 4500
005 20250325040023.0
008 240331s9999 xx 000 0 und d
020 _a9559261029
082 _a302.23
_bIMG
_23550
245 0 _aImages
260 _aColombo,
_bWomen's Education and Research Centre
_c1994
300 _a139 p.,
650 _aFeminism
650 _aMedia
650 _aWomen
650 _aCinema
650 _aGender
700 _aThiruchandran, S
_eedt
942 _cL
999 _c1117
_d1117